| 000 | 02421nam0a2200385 4500 | ||
|---|---|---|---|
| 001 | RU\NLR\BIBL_A\016329988 | ||
| 005 | 20230515145315.0 | ||
| 010 |
_a978-5-85006-465-5 _9100 |
||
| 021 |
_aRU _bКН-П-23-011193 _9КН-П-23-1100 |
||
| 035 | _a(NLR Aleph) 016329988 | ||
| 035 | _a(RuMoRGB)011607313 | ||
| 090 |
_a13057580 _c13057580 |
||
| 100 | _a20230330d2022 k y0rusy50 ca | ||
| 101 | 0 | _arus | |
| 102 | _aRU | ||
| 105 | _aa z 000zy | ||
| 181 | 0 |
_ai3 _baxxe |
|
| 182 | 0 | _an | |
| 200 | 1 |
_aКлинико-психологическая структура аутизма: современный взгляд _eнаучный доклад _fС. А. Морозов, С. С. Морозова |
|
| 203 |
_aТекст _bвизуальный _cнепосредственный |
||
| 210 |
_aМосква _cДело _d2022 |
||
| 215 |
_a62, [1] с. _cил., табл. _d21 |
||
| 225 | 1 |
_aНаучные доклады _iСоциально-гуманитарные и философские исследования _fРоссийская академия народного хозяйства и государственной службы при Президенте Российской Федерации РАНХиГС _v7/22 |
|
| 320 | _aБиблиогр.: с. 59-63 (61 назв.) | ||
| 330 | _aРассмотрены современные представления о клинико-психологической структуре и патогенезе расстройств аутистического спектра, актуальные проблемы эпидемиологии и систематики РАС, пути формирования новой концепции аутизма, связанные с этим вопросы стратегии коррекционной работы и новые направления экологии | ||
| 606 | 1 |
_aАутизм _2nlr_sh1 _2nlr_sh2 _3RU\NLR\AUTH\6689095 |
|
| 675 |
_a616.896 _v4 |
||
| 686 | 1 | _aР64-325 | |
| 686 | 1 | _aЮ948.45-734 | |
| 700 | 1 |
_aМорозов _bС. А. _cканд. биол. наук, врач _gСергей Алексеевич _3RU\NLR\AUTH\770155739 |
|
| 701 | 1 |
_aМорозова _bС. С. _cпедагог, дефектология _gСветлана Сергеевна _3RU\NLR\AUTH\7766799 |
|
| 942 | _cBOOK | ||
| 980 | _aNB | ||